[Event "Tourn. n8770"]
[Site "www.chess-mail.com"]
[Date "2016.06.10"]
[Round "1"]
[White "Azulmarino"]
[Black "Redabond"]
[WhiteElo "1470"]
[BlackElo "1530"]
[Result "0-1"]
[Round "1"]
1.e4 e5
2.Ng1f3 Nb8c6
3.d3 Bf8c5
4.Bc1g5 f6
5.Bg5d2 d6
6.a3 Bc8e6
7.Bf1e2 Ng8h6
8.Nb1c3 Nh6g4
9.h3 Ng4h6
10.Nc3b5 a6
11.Nb5c3 Qd8d7
12.O-O O-O-O
13.Bd2e3 Bc5xe3
14.fxe3 f5
15.exf5 Nh6xf5
16.Nc3e4 Nf5xe3
17.Qd1d2 Ne3xf1
18.Be2xf1 h6
19.b4 Qd7f7
20.c3 d5
21.Ne4c5 Qf7g6
22.Nf3h4 Qg6f7
23.Ra1b1 d4
24.b5 dxc3
25.Qd2xc3 axb5
26.Rb1xb5 b6
27.Nh4f3 bxc5
28.Nf3xe5 Nc6xe5
29.Qc3xe5 Rd8d5
30.Qe5c3 Rh8f8
31.Rb5b1 Qf7f2
32.Kh2 Rd5h5
33.Qc3a5 Rh5xh3
{ resign }
0-1

[Event "Tourn. n8768"]
[Site "www.chess-mail.com"]
[Date "2016.06.10"]
[Round "1"]
[White "Claudia"]
[Black "Libiesse"]
[WhiteElo "1830"]
[BlackElo "1900"]
[Result "1/2-1/2"]
[Round "1"]
1.d4 d5
2.c4 e6
3.Nb1c3 Ng8f6
4.cxd5 exd5
5.Bc1g5 Bf8e7
6.e3 h6
7.Bg5h4 O-O
8.Bf1d3 Nb8d7
9.Qd1c2 c5
10.Ng1e2 c4
11.Bd3f5 a6
12.a4 b6
13.O-O Bc8b7
14.Bh4xf6 Nd7xf6
15.f4 Rf8e8
16.Ne2g3 Be7b4
{ draw }
1/2-1/2

[Event "Tourn. n8669"]
[Site "www.chess-mail.com"]
[Date "2016.06.10"]
[Round "1"]
[White "Tonino1"]
[Black "Seger"]
[WhiteElo "2220"]
[BlackElo "2720"]
[Result "0-1"]
[Round "1"]
1.d4 Ng8f6
2.Ng1f3 d5
3.e3 e6
4.Bf1d3 c5
5.b3 b6
6.Bc1b2 Nb8c6
7.a3 cxd4
8.exd4 g6
9.Nb1d2 Bf8g7
10.O-O O-O
11.Nf3e5 Nc6xe5
12.dxe5 Nf6d7
13.f4 Nd7c5
14.Bd3e2 Bc8b7
15.Bb2d4 Ra8c8
16.c4 dxc4
17.Nd2xc4 Nc5xb3
18.Nc4d6 Nb3xa1
19.Nd6xc8 Qd8xc8
20.Qd1xa1 Qc8c6
21.Be2f3 Qc6d7
22.Bf3e2 Rf8d8
23.Bd4e3 Qd7a4
24.Qa1c3 Kf8
25.Qc3b4 Qa4xb4
26.axb4 Rd8d7
27.Rf1d1 Rd7xd1
28.Be2xd1 Bb7d5
29.g3 Ke7
30.Kf2 Kd7
31.Bd1c2 Kc6
32.Bc2d3 a5
33.b5 Kc7
34.g4 a4
35.Be3c1 Bg7f8
36.f5 Bf8c5
37.Ke2 gxf5
38.gxf5 h5
39.fxe6 Bd5xe6
40.Bc1b2 h4
41.Kf3 a3
42.Bb2a1 Kd7
43.Kf4 Bc5g1
44.Kg5 h3
45.Bd3f1 Bg1xh2
46.Kh4 Bh2g1
47.Bf1xh3 Bg1f2
 { time }
0-1

[Event "Tourn. n8795"]
[Site "www.chess-mail.com"]
[Date "2016.06.10"]
[Round "1"]
[White "Hundegana"]
[Black "Coventry"]
[WhiteElo "2010"]
[BlackElo "2020"]
[Result "1-0"]
[Round "1"]
1.f4 Ng8f6
2.g3 d5
3.Bf1g2 c6
4.d3 h5
5.h3 e6
6.Ng1f3 Bf8d6
7.c3 Nb8d7
8.O-O O-O
{ time. }
1-0

[Event "Tourn. n8775"]
[Site "www.chess-mail.com"]
[Date "2016.06.10"]
[Round "1"]
[White "Grimsby"]
[Black "Passaroa25"]
[WhiteElo "1520"]
[BlackElo "1580"]
[Result "0-1"]
[Round "1"]
1.Nb1c3 c6
2.d4 d6
3.e4 Nb8d7
4.Ng1f3 Nd7b6
5.Bf1e2 Bc8d7
6.Bc1e3 f6
7.Qd1d2 Bd7e6
8.O-O Be6f7
9.b3 e5
10.dxe5 { time. }
0-1

[Event "Tourn. n8780"]
[Site "www.chess-mail.com"]
[Date "2016.06.10"]
[Round "1"]
[White "Claudia"]
[Black "Masterchess"]
[WhiteElo "1870"]
[BlackElo "1800"]
[Result "1-0"]
[Round "1"]
1.d4 Ng8f6
2.c4 e6
3.Nb1c3 Bf8b4
4.e3 O-O
5.Ng1e2 b6
6.a3 Bb4xc3
7.Ne2xc3 Bc8b7
8.f3  { time }
1-0

[Event "Tourn. n8738"]
[Site "www.chess-mail.com"]
[Date "2016.06.10"]
[Round "1"]
[White "Bira47"]
[Black "Fabos12"]
[WhiteElo "2010"]
[BlackElo "1820"]
[Result "0-1"]
[Round "1"]
1.b3 d5
2.Bc1b2 Ng8f6
3.h3 c5
4.e3 Nb8c6
5.Ng1f3 Qd8c7
6.d4 cxd4
7.Nf3xd4 Nc6xd4
8.Bb2xd4 e5
9.Bf1b5 Bc8d7
10.Bb5xd7 Kxd7
11.O-O exd4
12.exd4 Ra8e8
13.c3 Bf8d6
14.Nb1d2 Qc7xc3
15.Nd2f3 Re8e4
16.Ra1c1 Qc3a5
17.Nf3g5 Re4e7
18.Qd1d3 h6
19.Ng5f3 Rh8e8
20.Qd3f5 Re7e6
21.Nf3e5 Bd6xe5
22.dxe5 Nf6e4
23.Qf5xf7 Re8e7
24.Qf7f8 Qa5d8
25.Qf8f5 Ke8
26.Qf5h5 Kf8
27.f4 Ne4g3
28.Qh5f3 Ng3xf1
29.Qf3xf1 Qd8b6
30.Kh1 Kg8
31.Rc1c8 Re7e8
32.Qf1c1 Qb6f2
33.Rc8xe8 Re6xe8
34.g4 Qf2f3
35.Kh2 d4
36.Qc1c4 Kh7
37.Qc4xd4 Qf3e2
38.Kg3 Re8c8
39.Kh4 Qe2e1
 { time }
0-1

[Event "Tourn. n8793"]
[Site "www.chess-mail.com"]
[Date "2016.06.10"]
[Round "1"]
[White "Romaamor69"]
[Black "Faerieking"]
[WhiteElo "2230"]
[BlackElo "2280"]
[Result "1-0"]
[Round "1"]
1.Ng1f3 Ng8f6
2.d4 e6
3.Bc1g5 c5
4.e3 cxd4
5.exd4 Bf8e7
6.Bf1d3 a6
7.O-O O-O
8.Nb1d2 Nb8c6
9.c3 b5
10.Qd1c2 g6
11.b4 Bc8b7
12.a4 Ra8c8
13.Qc2b3 bxa4
14.Ra1xa4 Qd8b6
15.Rf1a1 Rc8a8
16.Bg5xf6 Be7xf6
17.Nd2e4 Bf6e7
18.Ne4c5 { resign }
1-0

[Event "Tourn. n8752"]
[Site "www.chess-mail.com"]
[Date "2016.06.10"]
[Round "1"]
[White "Falcoale"]
[Black "Difficult"]
[WhiteElo "1700"]
[BlackElo "1890"]
[Result "1-0"]
[Round "1"]
1.e4 c6
2.d4 d5
3.e5 Bc8f5
4.Ng1f3 e6
5.Bf1e2 Nb8d7
6.O-O h6
7.h3 c5
8.c3 cxd4
9.cxd4 Ng8e7
10.Nb1c3 Ne7c6
11.Nf3h2  { time }
1-0

[Event "Tourn. n8756"]
[Site "www.chess-mail.com"]
[Date "2016.06.10"]
[Round "1"]
[White "Jackbauer"]
[Black "Cheminet"]
[WhiteElo "1940"]
[BlackElo "2060"]
[Result "0-1"]
[Round "1"]
1.e4 c5
2.f4 Nb8c6
3.Ng1f3 d6
4.Nb1c3 g6
5.Bf1b5 a6
6.Bb5xc6 bxc6
7.d3 Bf8g7
8.e5 Ng8h6
9.g3 O-O
10.O-O Bc8g4
11.Qd1e1 Bg4xf3
12.Rf1xf3 dxe5
13.fxe5 Qd8d4
14.Bc1e3 Qd4xe5
15.Qe1f2 Nh6g4
16.Qf2e2 Qe5h5
17.Rf3f2 Ra8b8
18.Ra1b1 Bg7xc3
19.b3 Ng4xe3
20.Qe2xe3 Rb8e8
21.a3 Bc3d4
22.Qe3d2 Qh5d5
23.Rb1f1 c4
24.bxc4 Qd5c5
25.Kg2 Bd4xf2
26.Rf1xf2 e5
27.h4 e4
28.a4 e3
{ resign }
0-1

[Event "Tourn. n8781"]
[Site "www.chess-mail.com"]
[Date "2016.06.10"]
[Round "1"]
[White "Masterchess"]
[Black "Francesco"]
[WhiteElo "1800"]
[BlackElo "1930"]
[Result "0-1"]
[Round "1"]
1.d4 d5
2.c4 c6
3.cxd5 cxd5
4.Nb1c3 Nb8c6
5.Ng1f3 Bc8g4
6.e3 e6
7.Bf1e2 Ng8f6
8.O-O Bf8d6
9.Bc1d2 Qd8c7
10.Nc3b5 Qc7d7
11.Nb5xd6 Qd7xd6
12.Bd2c3 O-O
13.a3 Ra8c8
 { time }
0-1

[Event "Tourn. n8770"]
[Site "www.chess-mail.com"]
[Date "2016.06.10"]
[Round "1"]
[White "Gatrooper"]
[Black "Cal"]
[WhiteElo "1500"]
[BlackElo "1520"]
[Result "0-1"]
[Round "1"]
1.e4 e5
2.a3 a6
3.d3 h6
4.h3 Ng8f6
5.Nb1c3 b5
6.Ng1f3 d6
7.Nc3d5 c6
8.Nd5xf6 Qd8xf6
9.Bc1d2 Bf8e7
10.d4 exd4
11.c3 O-O
12.Nf3xd4 c5
13.Nd4f3 Nb8c6
14.Bf1e2 a5
15.Be2xb5 Bc8b7
16.Bb5xc6 Bb7xc6
17.g4 Bc6xe4
18.Rh1g1 Be4xf3
19.Qd1c2 Qf6e5
20.Bd2e3 d5
21.Kd2 c4
22.Rg1e1 Bf3e4
23.Be3d4 Be7g5
24.f4 Qe5xf4
25.Bd4e3 Qf4f2
26.Re1e2 Bg5xe3
27.Kd1 Be4xc2
28.Kxc2 Qf2xe2
29.Kb1 Qe2d1
30.Ka2 Qd1b3
31.Kb1 Ra8b8
32.Ra1a2 Qb3d1
{ resign }
0-1

[Event "Tourn. n8720"]
[Site "www.chess-mail.com"]
[Date "2016.06.10"]
[Round "1"]
[White "Ejner"]
[Black "Paaliaq"]
[WhiteElo "2289"]
[BlackElo "2390"]
[Result "1/2-1/2"]
[Round "1"]
1.c4 e5
2.g3 c6
3.d4 e4
4.Nb1c3 d5
5.Bf1g2 h6
6.cxd5 cxd5
7.f3 exf3
8.Ng1xf3 Ng8f6
9.O-O Bf8e7
10.Nf3e5 O-O
11.e4 dxe4
12.Nc3xe4 Nb8c6
13.Ne5xc6 bxc6
14.Kh1 Bc8e6
15.Bc1e3 Be6d5
16.Ne4xf6 Be7xf6
17.Bg2xd5 Qd8xd5
18.Qd1f3 Rf8e8
19.Be3xh6 Qd5xf3
20.Rf1xf3 Bf6xd4
21.Ra1d1 c5
22.Bh6d2 Bd4xb2
23.Bd2c3 Re8e2
24.Rd1d2 Re2xd2
25.Bc3xd2 Ra8e8
26.Bd2c3 Re8e2
27.Bc3xb2 Re2xb2
28.Rf3a3 c4
29.Kg1 a5
30.h4 a4
31.Kf1 c3
32.Ra3xc3 Rb2xa2
33.Rc3c7 a3
34.Rc7a7 g6
35.Ke1 Ra2a1
36.Kf2 a2
37.Kg2 f5
38.Kh2 Kf8
39.Kg2 Ke8
40.Kh2 Kd8
{ draw }
1/2-1/2

[Event "Tourn. n8767"]
[Site "www.chess-mail.com"]
[Date "2016.06.10"]
[Round "1"]
[White "Hansen"]
[Black "Cal"]
[WhiteElo "1560"]
[BlackElo "1560"]
[Result "1-0"]
[Round "1"]
1.e4 e5
2.a3 Ng8f6
3.Nb1c3 a6
4.Ng1f3 Nb8c6
5.g4 h6
6.g5 hxg5
7.Nf3xg5 d6
8.Bf1c4 b5
9.Ng5xf7 Qd8e7
10.Nf7xh8 bxc4
11.Nh8g6 Qe7f7
12.Rh1g1 Nc6d4
13.d3 Bc8e6
14.Bc1e3 O-O-O
15.b4 c6
16.Nc3a4 Nd4b5
17.Qd1d2 Nf6h5
18.Na4b6 Kb7
19.a4 c3
20.Qd2e2 d5
21.axb5 cxb5
22.Ng6xe5 Qf7f6
23.Rg1g5 Nh5f4
24.Qe2f1 Qf6xg5
25.Ne5f3 dxe4
26.Nf3xg5 Nf4g6
27.Ng5xe6 Rd8d6
28.Qf1h3 Bf8e7
29.Ne6xg7 Ng6e5
30.Be3c5 Rd6d8
31.Qh3e6 Be7xc5
32.bxc5 exd3
33.Qe6e7 Rd8d7
34.Nb6xd7 Ne5f3
35.Kd1 d2
36.Nd7e5 Kc8
37.Qe7d7 Kb8
38.Ne5c6 Ka8
39.Qd7a7 { resign }
1-0

[Event "Tourn. n8750"]
[Site "www.chess-mail.com"]
[Date "2016.06.10"]
[Round "1"]
[White "Bojan"]
[Black "Difficult"]
[WhiteElo "1880"]
[BlackElo "1830"]
[Result "1-0"]
[Round "1"]
1.c4 g6
2.Nb1c3 Bf8g7
3.Qd1c2 e5
4.b4 c6
5.Bc1b2 Ng8e7
6.g3 d5
7.c5 d4
8.Nc3e4 O-O
9.Ne4d6 Ne7f5
10.Nd6e4 a5
11.a3 axb4
12.axb4 Ra8xa1
13.Bb2xa1 Nb8a6
14.g4 Nf5e7
15.h3 Na6xb4
16.Qc2c4 Nb4d5
17.Ne4d6 Kh8
18.Ng1f3 Qd8c7
19.Bf1g2 Nd5f4
20.O-O Bc8e6
21.Qc4b4 Rf8b8
22.Nf3g5 h6
23.Ng5xf7 Be6xf7
24.Nd6xf7 Kh7
25.e3 Nf4xg2
26.Kxg2  { time }
1-0

[Event "Tourn. n8745"]
[Site "www.chess-mail.com"]
[Date "2016.06.10"]
[Round "1"]
[White "Difficult"]
[Black "Bojan"]
[WhiteElo "1830"]
[BlackElo "1890"]
[Result "0-1"]
[Round "1"]
1.Ng1f3 Ng8f6
2.c4 g6
3.b3 Bf8g7
4.Bc1b2 O-O
5.e3 d5
6.cxd5 Qd8xd5
7.Bf1c4 Qd5d7
8.O-O Nb8c6
9.d4 h6
10.Nb1d2 b6
11.Bc4b5 a6
12.Nf3e5 Qd7f5
13.Bb5xc6 Ra8a7
14.Ra1c1 Bc8b7
15.Bc6xb7 Ra7xb7
16.Qd1f3 Qf5xf3
17.Nd2xf3 Nf6e4
18.Rf1d1 Kh7
19.Ne5c6 e6
20.Nc6e5 f6
21.Ne5d3 Rf8d8
22.Kf1 Rd8d6
23.Bb2a3 Rd6d7
24.Nd3f4 e5
25.dxe5 Rd7xd1
26.Rc1xd1 fxe5
 { time }
0-1

[Event "Tourn. n8739"]
[Site "www.chess-mail.com"]
[Date "2016.06.10"]
[Round "1"]
[White "Ssharp"]
[Black "Rons"]
[WhiteElo "2220"]
[BlackElo "2580"]
[Result "0-1"]
[Round "1"]
1.e4 c5
2.Ng1f3 d6
3.d4 cxd4
4.Nf3xd4 Ng8f6
5.Nb1c3 a6
6.Bc1g5 e6
7.f4 Qd8b6
8.Nd4b3 Bf8e7
9.Qd1f3 Nb8d7
10.O-O-O Qb6c7
11.Bf1d3 b5
12.a3 Bc8b7
13.Rh1e1 h6
14.Qf3h3 O-O-O
15.Bg5h4 g5
16.Bh4f2 gxf4
17.g3 fxg3
18.Bf2xg3 Nd7e5
19.Kb1 Kb8
20.Bd3f1 Rh8g8
21.Qh3xh6 Nf6g4
22.Qh6d2 Ne5f3
{ resign }
0-1

[Event "Tourn. n8783"]
[Site "www.chess-mail.com"]
[Date "2016.06.10"]
[Round "1"]
[White "Daquata"]
[Black "Cal"]
[WhiteElo "1710"]
[BlackElo "1550"]
[Result "1-0"]
[Round "1"]
1.e4 e5
2.Ng1f3 d6
3.d4 exd4
4.Nf3xd4 c5
5.Nd4f3 h6
6.Nb1c3 Ng8f6
7.Bf1b5 Bc8d7
8.Bb5xd7 Nb8xd7
9.Bc1f4 Bf8e7
10.Bf4xd6 O-O
11.e5 Nf6h7
12.O-O Rf8e8
13.Nc3b5 a6
14.Nb5c7 Re8f8
15.Nc7xa8 Be7xd6
16.Qd1xd6 Rf8e8
17.Na8c7 Re8e6
18.Nc7xe6 fxe6
19.Qd6xe6 Kh8
20.Ra1d1 Nh7f8
21.Qe6d6 Qd8c8
22.e6 Nd7f6
23.e7 Nf8e6
24.Rf1e1 Ne6d4
25.Nf3xd4 cxd4
26.Rd1xd4 Kh7
27.Qd6d8 Qc8c6
28.Rd4d6 Qc6c5
29.Rd6xf6 gxf6
30.e8Q h5
31.Qe8e7 Qc5xe7
32.Re1xe7 { resign }
1-0

[Event "Tourn. n8751"]
[Site "www.chess-mail.com"]
[Date "2016.06.10"]
[Round "1"]
[White "Bojan"]
[Black "Difficult"]
[WhiteElo "1890"]
[BlackElo "1820"]
[Result "1-0"]
[Round "1"]
1.c4 c6
2.d4 d5
3.c5 e5
4.b4 exd4
5.Qd1xd4 a5
6.Bc1d2 axb4
7.Bd2xb4 Ng8f6
8.Nb1d2 Nb8a6
9.a3 Na6xb4
10.axb4 Ra8xa1
11.Qd4xa1 Bf8e7
12.e3 O-O
13.f3 Rf8e8
14.Bf1d3 Be7f8
15.Kf2 g6
16.Ng1e2 Bf8g7
17.Qa1b1 Qd8e7
18.Nd2f1 g5
19.h3 h5
20.Ne2g3 h4
21.Ng3f5 Bc8xf5
22.Bd3xf5 Nf6d7
23.Qb1b3 Nd7f6
24.Nf1h2 Nf6h5
25.Rh1e1  { time }
1-0

[Event "Match"]
[Site "www.echecsemail.com"]
[Date "2016.06.10"]
[Round "1"]
[White "Kampungboy"]
[Black "Llord"]
[WhiteElo "1499"]
[BlackElo "1840"]
[Result "1-0"]
[Round "1"]
1.e4 e5
2.f4 d6
3.Ng1f3 Nb8c6
4.Bf1b5 Bc8d7
5.O-O Ng8f6
6.d3 Bf8e7
7.fxe5 Nc6xe5
8.Bb5xd7 Nf6xd7
9.Nf3d4 c5
10.Nd4f5 O-O
11.Nb1c3 Be7f6
12.Nc3d5 b6
13.Nf5xd6 h6
14.c3 Nd7b8
15.Nd5xf6 gxf6
16.Nd6f5 Ne5xd3
17.Qd1g4 { resign }
1-0

[Event "Match"]
[Site "www.echecsemail.com"]
[Date "2016.06.10"]
[Round "1"]
[White "Ericleo1980"]
[Black "Funchess"]
[WhiteElo "2240"]
[BlackElo "1730"]
[Result "1-0"]
[Round "1"]
1.e4 e6
2.d4 d5
3.Nb1c3 Ng8f6
4.Bc1g5 dxe4
5.Nc3xe4 Bf8e7
6.Ne4xf6 Be7xf6
7.Bg5e3 O-O
8.Ng1f3 Bc8d7
9.Bf1d3 Bd7c6
10.c3 Nb8d7
11.O-O Rf8e8
12.Be3f4 Nd7b6
13.Rf1e1 Nb6d5
14.Bf4g3 b6
15.Qd1c2 g6
16.h4 Bf6g7
17.h5 b5
18.hxg6 hxg6
19.Nf3e5  { time }
1-0

[Event "Match"]
[Site "www.echecsemail.com"]
[Date "2016.06.10"]
[Round "1"]
[White "Funchess"]
[Black "Chtoubidou"]
[WhiteElo "1730"]
[BlackElo "1930"]
[Result "0-1"]
[Round "1"]
1.c4 d6
2.Nb1c3 g6
3.d4 Bf8g7
4.e4 Ng8f6
5.f4 O-O
6.Ng1f3 c5
7.d5 Nb8a6
8.Bf1d3 Bc8d7
9.O-O Na6b4
10.a3 Nb4xd3
11.Qd1xd3 Ra8b8
12.e5 Nf6e8
13.Bc1e3 b6
14.Ra1e1 dxe5
15.fxe5 Qd8c7
16.Be3f4 Bd7f5
17.Qd3d2 e6
18.d6 Qc7c6
19.h3 Rb8d8
 { time }
0-1

[Event "Match"]
[Site "www.echecsemail.com"]
[Date "2016.06.10"]
[Round "1"]
[White "Gandalf"]
[Black "Susov"]
[WhiteElo "1610"]
[BlackElo "1880"]
[Result "0-1"]
[Round "1"]
1.e4 e5
2.Nb1c3 Ng8f6
3.g3 Nb8c6
4.Bf1g2 Bf8c5
5.Ng1e2 d6
6.h3 Bc8e6
7.O-O Qd8d7
8.Kh2 Nc6d4
9.d3 O-O
10.f4 exf4
11.Ne2xf4 c6
12.Nf4xe6 Qd7xe6
13.Bc1g5 Nf6h5
14.Nc3e2 h6
15.Bg5d2 Nd4xe2
16.Qd1xe2 d5
17.Qe2f3 Qe6f6
18.Qf3xh5 Qf6g6
19.Qh5xg6 fxg6
20.Rf1xf8 Ra8xf8
21.exd5 Rf8f2
22.Kh1 { time. }
0-1

[Event "Match"]
[Site "www.echecsemail.com"]
[Date "2016.06.10"]
[Round "1"]
[White "Gfalk"]
[Black "Jhzes"]
[WhiteElo "1880"]
[BlackElo "1809"]
[Result "0-1"]
[Round "1"]
1.f4 d5
2.Ng1f3 Bc8f5
3.g3 g6
4.Bf1g2 c5
5.d3 Bf8g7
6.Nf3h4 e6
7.e4 dxe4
8.dxe4 Qd8xd1
9.Kxd1 Bf5g4
10.Ke1 Nb8c6
11.h3 Nc6d4
12.Kd2 Bg4xh3
13.Bg2xh3 O-O-O
14.Kd1 Nd4b3
15.Nb1d2 Nb3xa1
16.Ke2 Na1xc2
17.Nd2c4 Nc2d4
18.Kf2 b5
19.Nc4a5 Ng8e7
20.Rh1d1 f5
21.e5 Ne7d5
22.Nh4f3 Nd4xf3
23.Kxf3 c4
24.Na5c6 Rd8d7
25.Bh3f1 Rd7c7
26.Nc6d4 a6
27.Nd4xe6 Rc7d7
28.Ne6xg7 Rd7xg7
29.Rd1xd5 Rh8d8
30.Rd5c5 Kb7
31.b3 Rd8d1
32.Bf1xc4 bxc4
33.Rc5xc4 Rg7c7
34.Rc4xc7 Kxc7
35.Bc1a3 Rd1a1
36.Ba3d6 Kd7
37.a3 Ra1c1
38.b4 Rc1c3
39.Kf2 Rc3xa3
40.b5 Ra3a2
41.Ke3 axb5
42.Kd4 Ra2g2
43.Kd5 Rg2xg3
44.e6 Ke8
45.Ke5 h5
46.Kf6 h4
{ resign }
0-1

[Event "Match"]
[Site "www.echecsemail.com"]
[Date "2016.06.10"]
[Round "1"]
[White "Genius4"]
[Black "Micheles"]
[WhiteElo "1720"]
[BlackElo "2540"]
[Result "0-1"]
[Round "1"]
1.d4 Ng8f6
2.Bc1g5 e6
3.e3 Bf8e7
4.Ng1f3 O-O
5.Bf1d3 d5
6.O-O Nb8d7
7.Nb1d2 c5
8.c3 b6
9.Qd1e2 Bc8b7
10.Rf1e1 Nf6e4
11.Bg5xe7 { time. }
0-1

[Event "Match"]
[Site "www.echecsemail.com"]
[Date "2016.06.10"]
[Round "1"]
[White "Jweimar"]
[Black "Babedad"]
[WhiteElo "1499"]
[BlackElo "1909"]
[Result "0-1"]
[Round "1"]
1.e4 e6
2.Nb1c3 d5
3.exd5 exd5
4.d4 Bf8b4
5.Bc1d2 Ng8e7
6.Ng1e2 Bc8f5
7.a3 Bb4d6
8.Bd2f4 O-O
9.Qd1d2 c6
10.g3 Rf8e8
11.Bf1g2 Qd8c7
12.O-O-O b5
13.Nc3a2 a5
14.c3 Nb8a6
15.Bg2f1 Ne7c8
16.Bf4xd6 Nc8xd6
17.Qd2f4 Re8e4
18.Qf4d2 Nd6c4
19.Qd2g5 Bf5g6
20.Ne2f4 h6
21.Qg5g4 b4
22.Bf1d3 bxa3
23.b3 Nc4b2
24.h4 Nb2xd1
25.Rh1xd1 Re4e8
26.Bd3xg6 fxg6
27.Qg4xg6 Qc7b7
28.Kc2 Qb7b5
29.Nf4h5 Qb5e2
30.Rd1d2 Qe2e4
31.Qg6xe4 Re8xe4
32.f4 Kf7
33.f5 Ra8e8
34.Nh5f4 Kf6
35.Nf4h5 Kf7
36.Nh5f4 Re8e7
37.h5 Kf6
38.Rd2f2 Kg5
39.Nf4e6 Kxh5
40.Rf2f4 Re4xf4
41.gxf4 Kg4
{ resign }
0-1

[Event "Match"]
[Site "www.echecsemail.com"]
[Date "2016.06.10"]
[Round "1"]
[White "Masterchess"]
[Black "Biggles"]
[WhiteElo "1750"]
[BlackElo "1980"]
[Result "0-1"]
[Round "1"]
1.e4 e6
2.d4 d5
3.Nb1c3 Bf8b4
4.e5 c5
5.Bc1d2 Nb8c6
6.Nc3b5 Bb4xd2
7.Qd1xd2 cxd4
8.Nb5d6 Kf8
9.f4 Ng8e7
10.Ng1f3 h6
11.Nf3xd4 Bc8d7
12.Bf1e2 Nc6xd4
13.Qd2xd4 Ne7f5
14.Nd6xf5 exf5
15.O-O Bd7c6
16.Be2f3 Qd8c7
17.Kh1 Ke7
18.Bf3xd5 Rh8d8
19.Qd4c5 Ke8
20.Ra1d1 Rd8d7
21.Bd5xc6 bxc6
22.Rf1e1 Ra8d8
23.Rd1xd7 Qc7xd7
24.h3 Rd8b8
 { time }
0-1

[Event "Match"]
[Site "www.echecsemail.com"]
[Date "2016.06.10"]
[Round "1"]
[White "Genius4"]
[Black "Hundegana"]
[WhiteElo "1720"]
[BlackElo "1970"]
[Result "0-1"]
[Round "1"]
1.Ng1f3 f5
2.e4 fxe4
3.Nf3g5 d5
4.d3 Ng8f6
5.dxe4 dxe4
6.Qd1xd8 Kxd8
7.Ng5f7 Ke8
8.Nf7xh8 a6
9.Nb1c3 Bc8e6
10.Bc1g5 Nb8d7
11.h3 O-O-O
12.O-O-O g6
13.Bf1e2 Bf8g7
14.Bg5xf6 exf6
15.Nh8xg6 hxg6
16.Kb1 f5
17.Nc3d5 { time. }
0-1

[Event "Match"]
[Site "www.echecsemail.com"]
[Date "2016.06.10"]
[Round "1"]
[White "Pellix84"]
[Black "Genius4"]
[WhiteElo "1870"]
[BlackElo "1720"]
[Result "1-0"]
[Round "1"]
1.d4 c5
2.d5 e5
3.c4 d6
4.Nb1c3 a6
5.a4 Bf8e7
6.e4 Be7g5
7.Bf1d3 Bg5xc1
8.Qd1xc1 Ng8e7
9.Ng1e2 O-O
10.O-O f5
11.f3 f4
12.b3 Nb8d7
{ time. }
1-0

[Event "Match"]
[Site "www.echecsemail.com"]
[Date "2016.06.10"]
[Round "1"]
[White "Genius4"]
[Black "Cal"]
[WhiteElo "1720"]
[BlackElo "1520"]
[Result "0-1"]
[Round "1"]
1.d4 d5
2.Bc1f4 Nb8c6
3.e3 a6
4.c4 dxc4
5.Bf1xc4 Ng8f6
6.Ng1f3 h6
7.O-O e6
8.Nb1c3 Bf8b4
9.Ra1c1 Bb4xc3
10.Rc1xc3 b5
11.Bc4xb5 axb5
12.Rc3xc6 Nf6d5
13.Bf4g3 O-O
14.a3 Bc8b7
15.Rc6c5 c6
16.Nf3e5 Qd8e7
17.Ne5xc6 { time. }
0-1

[Event "Match"]
[Site "www.echecsemail.com"]
[Date "2016.06.10"]
[Round "1"]
[White "Genius4"]
[Black "Gimmyg"]
[WhiteElo "1720"]
[BlackElo "2540"]
[Result "0-1"]
[Round "1"]
1.e4 Nb8c6
2.Nb1c3 Ng8f6
3.Ng1f3 d5
4.exd5 Nc6b4
5.d4 Nb4xd5
6.Bf1c4 c6
7.Nc3xd5 Nf6xd5
8.O-O g6
9.Bc4xd5 Qd8xd5
10.h3 Bf8g7
11.c3 O-O
12.Rf1e1 Rf8e8
13.Qd1b3 Qd5xb3
14.axb3 Bc8e6
15.b4 Be6d5
16.Nf3e5 f6
17.Ne5f3 { time. }
0-1

[Event "Match"]
[Site "www.echecsemail.com"]
[Date "2016.06.10"]
[Round "1"]
[White "Mdesouza"]
[Black "Genius4"]
[WhiteElo "2300"]
[BlackElo "1720"]
[Result "1-0"]
[Round "1"]
1.e4 g6
2.d4 Bf8g7
3.Bc1e3 d6
4.Ng1f3 Ng8f6
5.Nb1c3 a6
6.Bf1d3 O-O
7.Qd1d2 Nb8d7
8.h4 c5
9.Be3h6 cxd4
10.Nf3xd4 Nd7e5
11.Bh6xg7 Kxg7
{ time. }
1-0

[Event "Match"]
[Site "www.echecsemail.com"]
[Date "2016.06.10"]
[Round "1"]
[White "Genius4"]
[Black "Billyg"]
[WhiteElo "1720"]
[BlackElo "1600"]
[Result "0-1"]
[Round "1"]
1.Nb1c3 e5
2.e4 Ng8f6
3.g3 Nb8c6
4.Bf1g2 Bf8b4
5.Ng1e2 O-O
6.O-O d6
7.d3 Bb4xc3
8.Ne2xc3 a6
9.Bc1g5 h6
10.Bg5xf6 Qd8xf6
11.Nc3d5 Qf6d8
12.Qd1d2 Bc8e6
13.Nd5e3 Qd8e7
14.f4 { time. }
0-1

[Event "Match"]
[Site "www.echecsemail.com"]
[Date "2016.06.10"]
[Round "1"]
[White "Chessexpert"]
[Black "Gilliere"]
[WhiteElo "1760"]
[BlackElo "2040"]
[Result "0-1"]
[Round "1"]
1.e4 e5
2.Ng1f3 d6
3.d4 exd4
4.Qd1xd4 h6
5.c4 Nb8c6
6.Qd4d1 Ng8f6
7.Nb1c3 Bc8g4
8.Bf1e2 Bf8e7
9.O-O O-O
10.h3 Bg4xf3
11.Be2xf3 Ra8b8
12.Rf1e1 Rf8e8
 { time }
0-1

[Event "Match"]
[Site "www.echecsemail.com"]
[Date "2016.06.10"]
[Round "1"]
[White "Rindrandria"]
[Black "Ranjachess"]
[WhiteElo "1660"]
[BlackElo "1690"]
[Result "1-0"]
[Round "1"]
1.e4 e5
2.b3 Nb8c6
3.Bf1c4 Ng8f6
4.f3 d5
5.exd5 Nf6xd5
6.Bc4xd5 Qd8xd5
7.c4 Qd5d3
8.Ng1e2 Nc6b4
9.Nb1a3 Bf8c5
10.Ne2c3 Qd3d4
11.Nc3e4 Qd4xa1
12.Ne4c3 Nb4xa2
13.Nc3e2 Bc8f5
14.d3 O-O-O
15.Kf1 Rd8xd3
16.Qd1e1 Rd3xb3
17.Qe1a5 Bc5d4
18.g4 Rb3xf3
19.Kg2 Bf5xg4
20.Na3b5 Na2xc1
21.Qa5xc7 
1-0

[Event "Match"]
[Site "www.echecsemail.com"]
[Date "2016.06.10"]
[Round "1"]
[White "Genius4"]
[Black "Olddog55"]
[WhiteElo "1720"]
[BlackElo "1620"]
[Result "0-1"]
[Round "1"]
1.c4 d6
2.Nb1c3 Ng8f6
3.d4 b6
4.e4 c6
5.Bf1e2 c5
6.dxc5 bxc5
7.Ng1f3 e5
8.O-O Bf8e7
9.Rf1e1 O-O
10.h3 Nb8c6
11.Bc1e3 Qd8b6
12.Qd1d2 Bc8a6
13.Nc3d5 Qb6b7
14.Nd5xf6 Be7xf6
15.Ra1b1 Ra8b8
16.g4 { time. }
0-1

[Event "Match"]
[Site "www.echecsemail.com"]
[Date "2016.06.10"]
[Round "1"]
[White "Genius4"]
[Black "Chapi"]
[WhiteElo "1720"]
[BlackElo "2080"]
[Result "0-1"]
[Round "1"]
1.Ng1f3 c5
2.c4 Nb8c6
3.d4 cxd4
4.Nf3xd4 g6
5.e4 Bf8g7
6.Nd4xc6 bxc6
7.Nb1c3 Ng8f6
8.Bf1e2 O-O
9.O-O d6
10.Bc1e3 c5
11.Qd1c2 Bc8b7
12.Rf1d1 Nf6d7
13.Ra1c1 Bg7xc3
14.Qc2xc3 f6
15.f3 a5
16.a3 a4
17.Be2f1 Nd7e5
18.Be3f2 { time. }
0-1

[Event "Match"]
[Site "www.echecsemail.com"]
[Date "2016.06.10"]
[Round "1"]
[White "Pare123"]
[Black "Genius4"]
[WhiteElo "2000"]
[BlackElo "1720"]
[Result "1-0"]
[Round "1"]
1.c4 e6
2.d4 d5
3.c5 b6
4.b4 a5
5.Bc1d2 axb4
6.Bd2xb4 Nb8a6
7.Qd1b3 Na6xb4
8.Qb3xb4 bxc5
9.dxc5 Ng8f6
10.Qb4b5 Bc8d7
11.c6 Bd7c8
12.Nb1d2 Bc8a6
13.Qb5b3 Bf8d6
14.Ng1f3 O-O
15.Ra1c1 e5
16.e3 Ba6xf1
17.Nd2xf1 Ra8b8
{ time. }
1-0

[Event "Match"]
[Site "www.echecsemail.com"]
[Date "2016.06.10"]
[Round "1"]
[White "Mrmoto"]
[Black "Coraza"]
[WhiteElo "1620"]
[BlackElo "1720"]
[Result "0-1"]
[Round "1"]
1.c4 e5
2.Nb1c3 Bf8c5
3.g3 b6
4.Bf1g2 c6
5.d3 Qd8f6
6.Nc3e4 Qf6f5
7.Ne4xc5 bxc5
8.Ng1f3 Ng8f6
9.Bc1e3 d6
10.O-O O-O
11.h3 e4
12.Nf3h4 Qf5e5
13.Be3f4 Qe5xb2
14.Bf4xd6 Rf8d8
15.Bd6e7 Rd8e8
16.Be7xf6 Qb2xf6
17.dxe4 Re8d8
18.Qd1b1 Bc8e6
19.Qb1b7 Nb8d7
20.Qb7xc6 Qf6c3
21.Qc6a4 Be6xc4
22.Bg2f3 Nd7b6
23.Rf1c1 Nb6xa4
24.Rc1xc3 Na4xc3
25.a3 Bc4xe2
{ resign }
0-1

[Event "Match"]
[Site "www.echecsemail.com"]
[Date "2016.06.10"]
[Round "1"]
[White "Birya"]
[Black "Mdesouza"]
[WhiteElo "1809"]
[BlackElo "2300"]
[Result "0-1"]
[Round "1"]
1.d4 Ng8f6
2.c4 e6
3.Ng1f3 b6
4.g3 Bc8a6
5.b3 Bf8b4
6.Nb1d2 Bb4c3
7.Ra1b1 Ba6b7
8.Bf1g2 Bc3xd4
9.O-O Bd4c5
10.Bc1b2 O-O
11.Qd1c2 Bc5e7
 { time }
0-1

[Event "Match"]
[Site "www.echecsemail.com"]
[Date "2016.06.10"]
[Round "1"]
[White "Difficult"]
[Black "Gambitmiau"]
[WhiteElo "1870"]
[BlackElo "1820"]
[Result "0-1"]
[Round "1"]
1.Ng1f3 Nb8c6
2.e4 d5
3.exd5 Qd8xd5
4.d4 Bc8g4
5.Bf1e2 O-O-O
6.c4 Qd5a5
7.Bc1d2 Qa5h5
8.d5 Bg4xf3
9.Be2xf3 Qh5e5
10.Qd1e2 Qe5xb2
11.dxc6 Qb2xa1
12.cxb7 Kb8
13.O-O Qa1xa2
14.Qe2e3 e6
15.c5 Ng8f6
16.Bd2c3 Nf6d5
17.Qe3g5 f6
18.Qg5g3 g5
19.Bf3xd5 Qa2xd5
20.Bc3xf6 Bf8xc5
21.Bf6xh8 Rd8xh8
22.Nb1c3 Bc5d6
23.Nc3xd5 Bd6xg3
24.fxg3 Kxb7
25.Nd5f6 a5
26.Rf1a1 Kb6
27.Ra1e1 a4
28.Re1xe6 Kb5
29.Re6e5 c5
30.Nf6e4 Rh8c8
31.Re5xg5 a3
 { time }
0-1